[Event "London MSO Masters"]
[Site "London"]
[Date "1999.08.21"]
[Round "1"]
[White "Tidman, Sophie"]
[Black "Golod, Vitali"]
[Result "0-1"]
[WhiteElo "2073"]
[BlackElo "2568"]

1.e4 c5 2.Nf3 Nc6 3.d4 cxd4 4.Nxd4 Qb6 5.Nb5 Nf6 6.N1c3 a6 7.Na3 Qd8 8.Bf4 e5
9.Bg5 Bxa3 10.bxa3 Qa5 11.Qd2 Ne7 12.Bc4 d6 13.O-O Be6 14.Bxe6 fxe6 15.f4 Rc8
16.Rf3 Qc5+ 17.Kh1 O-O 18.fxe5 Qxe5 19.Raf1 Ng6 20.Bxf6 Rxf6 21.Rxf6 gxf6
22.Rf3 Rc6 23.h3 Kg7 24.Ne2 Rc4 25.Ng3 h5 26.Rb3 b5 27.Rd3 h4 28.Nf1 Rxe4
29.Rxd6 Nf4 30.Rd7+ Kg6 31.Qd6 Re1  0-1

[Event "Abu Dhabi Masters op"]
[Site "Abu Dhabi"]
[Date "1999.08.22"]
[Round "2"]
[White "Kaiumov, Dmitry D"]
[Black "Anastasian, Ashot"]
[Result "0-1"]
[WhiteElo "2471"]
[BlackElo "2545"]

1.e4 c5 2.Nf3 Nc6 3.d4 cxd4 4.Nxd4 Qb6 5.Nb3 Nf6 6.Nc3 e6 7.Qe2 Qc7 8.a3 a6
9.f4 d6 10.g4 g6 11.Bg2 Bg7 12.Be3 b5 13.Rd1 Bb7 14.g5 Nd7 15.Qd3 Nb6 16.O-O Nc4
17.Bc1 h6 18.gxh6 Rxh6 19.a4 O-O-O 20.axb5 Qb6+ 21.Kh1 axb5 22.h3 f5 23.Rde1 Nb4
24.Qg3 Rdh8 25.Re2 Bxc3 26.Qxc3 Bxe4 27.Rxe4 fxe4 28.f5 Na2 29.Qf6 Nxc1 30.Qxe6+ Kb8
31.fxg6 Qe3 32.Qg4 Ne2  0-1

[Event "FRA-ch (Women)"]
[Site "Bescanon"]
[Date "1999.08.22"]
[Round "5"]
[White "Muller, Anne"]
[Black "Flear, Christine"]
[Result "1/2-1/2"]
[WhiteElo "2115"]
[BlackElo "2232"]

1.e4 c5 2.Nf3 Nc6 3.d4 cxd4 4.Nxd4 Qc7 5.Nc3 e6 6.Be3 a6 7.f4 Bb4 8.Nxc6 Qxc6
9.Qd4 Bxc3+ 10.bxc3 Nf6 11.Bd3 b5 12.O-O Bb7 13.Rae1 O-O 14.Bd2 d5 15.exd5 Qxd5
16.Qf2 g6 17.Re2 Qxa2 18.Qh4 Nd7 19.Be3 f5 20.Bd4 Qd5 21.Qe7 Rf7 22.Qxe6 Qxe6
23.Rxe6 Rc8 24.Rfe1 Nf8 25.Rb6 Rd7 26.Kf2 Kf7 27.g3 Rc6 28.Rxc6 Bxc6 29.Ra1 Bb7
30.Be5 Ne6 31.Ke3 Nc5 32.c4 Nxd3  1/2-1/2

[Event "BIH-chT"]
[Site "Bihac"]
[Date "1999.08.22"]
[Round "2"]
[White "Trkulja, Goran"]
[Black "Kurajica, Bojan"]
[Result "0-1"]
[WhiteElo "2255"]
[BlackElo "2541"]

1.e4 c5 2.Nf3 Nc6 3.d4 cxd4 4.Nxd4 Qb6 5.Nb3 Nf6 6.Nc3 e6 7.Be3 Qc7 8.f3 a6
9.Qd2 b5 10.O-O-O Ne5 11.Qd4 Be7 12.Be2 O-O 13.g4 d6 14.h4 Bb7 15.h5 Nc6
16.Qd2 b4 17.Nb1 Rac8 18.g5 Nd7 19.g6 fxg6 20.hxg6 hxg6 21.f4 a5 22.Rdg1 a4
23.Na1 a3 24.bxa3 Na5 25.Bd3 Rf6 26.Qh2 Nc5 27.Bxc5 Qxc5 28.axb4 Qd4 29.Qh7+ Kf7
30.e5 Qxd3 31.exf6 Bxf6 32.Rh3 Qd4 33.Qxg6+ Ke7 34.bxa5 Be4 35.f5 Qxa1 36.Rb3 Rxc2+
37.Kd1 Qd4+  0-1

[Event "FRA-ch qual"]
[Site "Bescanon"]
[Date "1999.08.23"]
[Round "6"]
[White "Forthofer, Robert"]
[Black "Payen, Arnaud"]
[Result "1-0"]
[WhiteElo "2152"]
[BlackElo "2373"]

1.e4 c5 2.Nf3 Nc6 3.d4 cxd4 4.Nxd4 Qb6 5.Nb3 Nf6 6.Nc3 e6 7.Be3 Qc7 8.a3 a6
9.f4 d6 10.g4 b5 11.Bg2 Bb7 12.Qe2 Be7 13.O-O-O O-O-O 14.g5 Nd7 15.f5 b4
16.axb4 Nxb4 17.fxe6 fxe6 18.Bh3 e5 19.Rhf1 Rhf8 20.Rxf8 Bxf8 21.Rf1 d5 22.exd5 Kb8
23.Rf7 Qd6 24.Rxd7 Rxd7 25.Bc5 Na2+ 26.Nxa2 Qxd5 27.Bxf8 Qh1+ 28.Qf1  1-0

[Event "Pyramiden Franken Cup"]
[Site "Fuerth"]
[Date "1999.08.23"]
[Round "3"]
[White "David, Alberto"]
[Black "Gustafsson, Jan"]
[Result "1-0"]
[WhiteElo "2544"]
[BlackElo "2436"]

1.e4 c5 2.Nf3 Nc6 3.d4 cxd4 4.Nxd4 Qc7 5.Nc3 e6 6.Be2 a6 7.O-O Nf6 8.Be3 Bb4
9.Nxc6 bxc6 10.Qd4 c5 11.Qc4 Bb7 12.Bf3 Rc8 13.Na4 O-O 14.a3 Ba5 15.e5 Nd5
16.Bxc5 Bb6 17.Nxb6 Nxb6 18.Qd3 Qxc5 19.Bxb7 Rc7 20.Be4 g6 21.Qxa6 Nc4 22.b4 Qxe5
23.Bd3 d5 24.a4 Rb8 25.b5 Qd4 26.Bxc4 Rxc4 27.Qd6 Rb6 28.Qd7 Qc5 29.Qd8+ Kg7
30.Qg5 Rxc2 31.Rfc1 Rxc1+ 32.Rxc1 Qd6 33.Qe3 d4 34.Qe4 f5 35.Qd3 Qb4 36.Rc7+ Kf6
37.Qd1 Rd6 38.Rc1 d3 39.Rb1 Qa5 40.h4 d2 41.b6 Rxb6 42.Rxb6 Qxb6 43.Qxd2 Qb1+
44.Kh2 Qe4 45.Qd8+ Ke5 46.Qb8+ Kf6 47.f4 Ke7 48.Qc7+ Ke8 49.a5 Qa4 50.a6 Qxa6
51.Qxh7 e5 52.Qg8+ Ke7 53.Qg7+ Ke8 54.h5 gxh5 55.Qxe5+ Kd8 56.Qxf5 Qe2 57.Qe5 Qd1
58.f5 Kd7 59.f6 Qf1 60.Qd5+ Kc7 61.f7 Qf4+ 62.g3 Qf2+ 63.Kh3 Qf1+ 64.Kh4 Qf2
65.Kxh5 Qh2+ 66.Kg4 Qe2+ 67.Qf3 Qe6+ 68.Qf5 Qe2+ 69.Kh3 Qe6 70.Qxe6  1-0

[Event "ESP-ch"]
[Site "Palencia"]
[Date "1999.08.23"]
[Round "5"]
[White "Rodriguez Lopez, Rafael"]
[Black "Magem Badals, Jorge"]
[Result "0-1"]
[WhiteElo "2326"]
[BlackElo "2528"]

1.e4 c5 2.Nf3 Nc6 3.d4 cxd4 4.Nxd4 Qc7 5.Nb5 Qb8 6.c4 Nf6 7.N5c3 b6 8.Be2 Bb7
9.Be3 e6 10.f4 e5 11.O-O Bc5 12.Bxc5 bxc5 13.f5 Nd4 14.Nd2 Qd6 15.Bd3 h5
16.Kh1 h4 17.Bc2 Nh5 18.Rf2 Qh6 19.Ba4 Qe3 20.Kg1 h3 21.Nf1 Qg5 22.g3 Nf6
23.Qd3 Ng4 24.Rd2 g6 25.Nb5 O-O 26.Nxd4 exd4 27.fxg6 fxg6 28.Bxd7 Ne5 29.Be6+ Kh8
30.Qe2 Nf3+ 31.Kh1 Nxd2 32.Qe3 Qg4 33.Kg1  0-1

[Event "Zuglo Hotel op 2nd"]
[Site "Budapest"]
[Date "1999.08.26"]
[Round "6"]
[White "Balogh, Csaba"]
[Black "Skytte, Rasmus"]
[Result "0-1"]
[WhiteElo "2235"]
[BlackElo "2338"]

1.e4 c5 2.Nf3 Nc6 3.d4 cxd4 4.Nxd4 Qc7 5.Nc3 e6 6.Be3 a6 7.Bd3 b5 8.O-O Bb7
9.Nxc6 Qxc6 10.Qe2 Nf6 11.a3 Rc8 12.Bd4 Be7 13.Kh1 h5 14.f3 h4 15.e5 Nh5
16.Be4 Qc4 17.Qe3 Bxe4 18.Nxe4 f5 19.exf6 gxf6 20.Qc3 Qxc3 21.Nxc3 Rc4 22.Be3 Ng3+
23.Kg1 Nxf1 24.Kxf1 Kf7 25.Rd1 d5 26.Rd3 Rhc8 27.Bd2 f5 28.g3 hxg3 29.hxg3 Bf6  0-1

[Event "London MSO Masters"]
[Site "London"]
[Date "1999.08.27"]
[Round "7"]
[White "Nicholson, John G"]
[Black "Reefat bin Satter"]
[Result "0-1"]
[WhiteElo "2249"]
[BlackElo "2377"]

1.e4 c5 2.Nf3 Nc6 3.d4 cxd4 4.Nxd4 Qc7 5.Nc3 e6 6.Be2 a6 7.O-O Nf6 8.Kh1 Bb4
9.Bg5 Ne7 10.Qd3 d6 11.f4 Bd7 12.a4 Rc8 13.Nd1 d5 14.exd5 Nexd5 15.c4 h6
16.cxd5 hxg5 17.dxe6 fxe6 18.Qg6+ Kf8 19.Qxg5 Rh6 20.Nf2 Bc5 21.Rad1 Qb6
22.Qe5 Bxd4 23.Rxd4 Rc5 24.Qe3 Kg8 25.Nd3 Rd5 26.Nb4 Rxd4 27.Nc2 Rd6 28.Bf3 Qxe3
29.Nxe3 Rd3 30.Nc4 Bxa4 31.Ne5 Rd2 32.Rc1 Rc2 33.Rd1 Rc8 34.Ra1 Bb5 35.Bxb7 Rc7
36.Bf3 Nd5 37.f5 Ne3 38.fxe6 Rxe6 39.Ng4 Rc5 40.b4 Rg5  0-1

[Event "Pyramiden Franken Cup"]
[Site "Fuerth"]
[Date "1999.08.29"]
[Round "9"]
[White "Kindermann, Stefan"]
[Black "Kogan, Artur"]
[Result "1-0"]
[WhiteElo "2527"]
[BlackElo "2518"]

1.e4 c5 2.Nf3 Nc6 3.d4 cxd4 4.Nxd4 Qc7 5.Nc3 e6 6.Be2 a6 7.O-O Nf6 8.Kh1 Nxd4
9.Qxd4 Bc5 10.Qd3 b5 11.Bg5 Bb7 12.f4 d6 13.Bf3 Nd7 14.Rad1 h6 15.Bh4 g5
16.Bg3 O-O-O 17.e5 d5 18.Bh5 Bb6 19.b4 Qc6 20.Ne2 f5 21.Nd4 Bxd4 22.Qxd4 Nb6
23.Bf2 Na4 24.Be3 Kd7 25.g4 Nc3 26.gxf5 exf5 27.e6+ Kc8 28.e7 Rde8 29.Rd3 Ne4
30.Bf3 Qe6 31.Bxe4 Qxe4+ 32.Qxe4 fxe4 33.Rc3+ Kd7 34.Bc5 gxf4 35.Rxf4 Rhg8
36.Rg3 Rg5 37.Kg1 e3 38.Kf1 a5 39.Rxe3 axb4 40.Bxb4 Bc6 41.Rf6 Rg4 42.a3 d4
43.Re5 Rh4 44.Ree6 Be4 45.Ra6 Rxh2 46.Ra7+ Kc8 47.Rf8 Rh1+ 48.Kf2 Rh2+ 49.Kg3 Rg2+
50.Kf4  1-0

[Event "Budapest FS09 IM-A"]
[Site "Budapest"]
[Date "1999.09.04"]
[Round "1"]
[White "Resika, Nathan A"]
[Black "Skytte, Rasmus"]
[Result "0-1"]
[WhiteElo "2251"]
[BlackElo "2338"]

1.e4 c5 2.Nf3 Nc6 3.d4 cxd4 4.Nxd4 Qc7 5.Nc3 e6 6.g3 a6 7.Bg2 d6 8.O-O Bd7
9.Re1 Be7 10.a4 Nf6 11.Nb3 O-O 12.g4 d5 13.g5 Nxe4 14.Nxe4 dxe4 15.Rxe4 e5
16.a5 Bf5 17.Rc4 Rad8 18.Qe2 Qd6 19.Be3 Qe6 20.Nc5 Bxc5 21.Rxc5 Rd6 22.h4 Rfd8
23.Qc4 Qg6 24.Bxc6 bxc6 25.Rxe5 h6 26.Re1 Rd5 27.Qf4 hxg5 28.hxg5 Rxe5 29.Qxe5 Bxc2
30.Bb6 Rc8 31.Bd4 Bb3 32.f4 Bd5 33.Kf2 f6 34.Qe3 fxg5 35.fxg5 Rf8+ 36.Kg3 Qh5
37.Bf6 gxf6  0-1

[Event "EU-ch U14"]
[Site "Litohoto"]
[Date "1999.09.06"]
[Round "4"]
[White "Mamedov, Nidjat"]
[Black "Gashimov, Vugar"]
[Result "1/2-1/2"]
[WhiteElo "2298"]
[BlackElo "2426"]

1.e4 c5 2.Nf3 Nc6 3.d4 cxd4 4.Nxd4 Qc7 5.Nc3 e6 6.Be3 a6 7.Bd3 Nf6 8.O-O b5
9.a3 Ne5 10.Nf3 Bd6 11.h3 Bb7 12.Bd4 Nxf3+ 13.Qxf3 Be5 14.Qe3 Rc8 15.Rae1 O-O
16.Bxe5 Qxe5 17.f4 Qc5 18.Qxc5 Rxc5 19.e5 Ne8 20.a4 b4 21.Ne2 d6 22.Nd4 dxe5
23.Nb3 Rc7 24.fxe5 Bd5 25.Rf4 Bxb3 26.cxb3 a5 27.Rc4 Rd7 28.Bf1 Rd5 29.Rc8 g6
30.Bc4 Rd2 31.Rc5 Ng7 32.Rxa5 Nf5 33.Rb5 Rfd8 34.a5 Rxb2 35.a6 Rdd2 36.Bf1 Ra2
37.Re2 Rxe2 38.Bxe2 Nd4 39.Rb8+ Kg7 40.Bc4 Nc6 41.Rb6 Na5 42.Bf1 Nxb3 43.Rxb4 Nc5
44.Rb6 Nd7 45.Rb7 Nc5 46.Ra7 Ra5 47.Rc7 Nxa6 48.Ra7 Rxe5 49.Rxa6 h5 50.Ra7 Rc5
51.Be2 Re5 52.Kf2 Rc5 53.Rb7 Rf5+ 54.Bf3 Rc5 55.Rb2 Rc3 56.Rb5 Rc4 57.Ke3 Ra4
58.Re5 Kf6 59.Rb5 Rc4 60.Rb7 Kg7 61.Be2 Rc2 62.Kf3 Rc3+ 63.Ke4 Rc2 64.Bf3 Rc5
65.Kd4 Rf5 66.Bc6 Kh6 67.Be8 Kg7 68.Rb2 Kf8 69.Bb5 Ke7 70.Kc4 Kf6 71.Rd2 Kg5
72.Bc6 Kf6 73.Kb4 Kg7 74.Bb5 Kh6 75.Ka5 Re5 76.Kb6 Re1 77.Kc6 Re5 78.Be2 Kg5
79.Kd6 Re3 80.Bc4 Re4 81.Ba2 Rf4 82.Bb3 Rf5 83.Ke7 Kh4 84.Ba4 g5 85.Be8 f6
86.Bxh5 Rf4 87.Bf3 e5 88.Re2 Kg3 89.Ke6 f5 90.Kxe5 g4 91.hxg4 fxg4 92.Bd5 Rf8
93.Ra2 Kh2 94.Be4 Rf1 95.Kd4 Re1 96.Kd3 Kg3 97.Ra7 Rb1 98.Rg7 Kf4 99.Bb7 Rb2
100.Rf7+ Kg3 101.Be4 Ra2 102.Rc7 Ra1 103.Ke2 Ra2+ 104.Rc2  1/2-1/2

[Event "Budapest FS09 IM-A"]
[Site "Budapest"]
[Date "1999.09.08"]
[Round "5"]
[White "Szuk, Balazs"]
[Black "Skytte, Rasmus"]
[Result "1/2-1/2"]
[WhiteElo "2374"]
[BlackElo "2338"]

1.e4 c5 2.Nf3 Nc6 3.d4 cxd4 4.Nxd4 Qc7 5.Nc3 e6 6.Be2 a6 7.O-O b5 8.Nxc6 dxc6
9.Be3 Nf6 10.a3 Bb7 11.f4 c5 12.e5 Nd5 13.Nxd5 Bxd5 14.c4 bxc4 15.Qc2 Be7
16.Bxc4 Bb7 17.Be2 Bd5 18.Rac1 Qb7 19.Qa4+ Bc6 20.Bf3 Rc8 21.Rc4 O-O 22.Bxc6 Rxc6
23.b4 Rfc8 24.bxc5 Qb5 25.Rfc1 Qxa4 26.Rxa4 Bxc5 27.Bxc5 Rxc5 28.Rxc5 Rxc5
29.Rxa6 g5 30.fxg5 Rxe5 31.h4 Re2 32.Kh2 Kg7 33.a4 h6 34.gxh6+ Kxh6 35.Ra7 f5
36.a5 f4 37.Kh3 e5 38.a6 Ra2 39.Re7 Rxa6 40.Rxe5 Ra3+ 41.Kh2 Rg3 42.Re8 Rg4
43.Rh8+ Kg7 44.Rh5 Kg6 45.Rh8  1/2-1/2

[Event "CRO-chT"]
[Site "Pula"]
[Date "1999.09.09"]
[Round "1"]
[White "Orak, Ljubomir"]
[Black "Vujakovic, Branko"]
[Result "0-1"]
[WhiteElo "2343"]
[BlackElo "2389"]

1.e4 c5 2.Nf3 Nc6 3.d4 cxd4 4.Nxd4 Qc7 5.Nc3 e6 6.g3 a6 7.Bg2 d6 8.O-O Nf6
9.Re1 Bd7 10.Nxc6 Bxc6 11.a4 Be7 12.a5 O-O 13.Be3 Rae8 14.Bd4 Nd7 15.Qe2 Bd8
16.Qc4 Qb8 17.b4 Bf6 18.Bxf6 Nxf6 19.Qd4 Rc8 20.Rad1 Rfd8 21.h3 Qc7 22.Re3 e5
23.Qd2 b6 24.Rd3 bxa5 25.bxa5 Qxa5 26.Nd5 Qxd2 27.Nxf6+ gxf6 28.R1xd2 Kf8
29.Rxd6 Ke7 30.Rxd8 Rxd8 31.Rxd8 Kxd8 32.Kf1 Kc7 33.Ke1 Kb6 34.Kd2 a5 35.f3 Kc5
36.Kc3 Bb5 37.h4 Be2 38.f4 Bb5 39.Bh3 Bc6 40.Bf5 h6 41.Bh7 Bd7 42.Bg8 exf4
43.gxf4 Be6 44.Bh7 a4 45.Kb2 Kb4 46.c3+ Kc4 47.Ka3 Kxc3 48.Kxa4 Kd4 49.Kb4 Ke3
50.Kc5 Kxf4 51.Kd6 f5 52.exf5 Bxf5  0-1

[Event "EU-ch U14"]
[Site "Litohoto"]
[Date "1999.09.10"]
[Round "8"]
[White "Balcerak, Philipp"]
[Black "Miljkovic, Miroslav"]
[Result "0-1"]
[WhiteElo "2046"]
[BlackElo "2200"]

1.e4 c5 2.Nf3 Nc6 3.d4 cxd4 4.Nxd4 Qc7 5.Nc3 e6 6.Be3 a6 7.Be2 b5 8.Nxc6 dxc6
9.O-O Nf6 10.f4 Be7 11.Bf3 O-O 12.g4 Bb7 13.g5 Nd7 14.Bg2 c5 15.Qh5 c4 16.Rf3 Rfd8
17.Rh3 Nf8 18.f5 exf5 19.exf5 Bxg2 20.Kxg2 Bc5 21.Ne4 Bxe3 22.Rxe3 Rd4 23.Rf1 Rad8
24.f6 Ng6 25.fxg7 Qb7 26.Kg1 Rxe4 27.Rh3 h6 28.gxh6 Qb6+ 29.Kh1 Qe6 30.Rhf3 Rh4
31.h7+ Kxg7 32.Rxf7+ Kh8 33.Qf3 Qd5 34.Qxd5 Rxd5 35.R7f6 Kxh7 36.Kg2 Rhd4
37.Rxa6 Rd2+ 38.Kf3 Rg5  0-1

[Event "Budapest FS09 IM-B"]
[Site "Budapest"]
[Date "1999.09.12"]
[Round "9"]
[White "Wolter, Kai"]
[Black "De Sousa, Jose"]
[Result "1/2-1/2"]
[WhiteElo "2344"]
[BlackElo "2253"]

1.e4 c5 2.Nf3 Nc6 3.d4 cxd4 4.Nxd4 Qc7 5.Nc3 e6 6.Ndb5 Qb8 7.a4 Nf6 8.Bd3 Bc5
9.Bg5 a6 10.Na3 Qc7 11.O-O h5 12.Bxf6 gxf6 13.Nc4 Qf4 14.a5 h4 15.Na4 Bd4
16.c3 Be5 17.g3 hxg3 18.fxg3 Qh6 19.Qd2 Qh5 20.Qg2 d6 21.Nab6 Rb8 22.Rad1 Ke7
23.Rd2 Bd7 24.Be2 Qg5 25.Nxd7 Kxd7 26.Rfd1 Ke7 27.Nxe5 Qxe5 28.Rxd6 Qc5+
29.Kh1 Ne5 30.Qg1 Qxa5 31.b4 Qc7 32.Qd4 Rbg8 33.Kg2 Rc8 34.c4 Kf8 35.c5 a5
36.Rc1 axb4 37.Qxb4 Kg7 38.Rb6 Rb8 39.Rc3 Rhc8 40.Bb5 Rh8 41.Ba4 Ng4 42.h3 Ne5  1/2-1/2

[Event "CRO-chT (Women)"]
[Site "Pula"]
[Date "1999.09.15"]
[Round "6"]
[White "Velcheva, Maria"]
[Black "Cosma, Elena Luminita"]
[Result "1/2-1/2"]
[WhiteElo "2305"]
[BlackElo "2388"]

1.e4 c5 2.Nf3 Nc6 3.d4 cxd4 4.Nxd4 Qc7 5.Nc3 e6 6.Be3 a6 7.Be2 Nf6 8.O-O Bb4
9.Nxc6 Bxc3 10.bxc3 Qxc6 11.e5 Nd5 12.Qd4 Qxc3 13.Qxc3 Nxc3 14.Bf3 O-O 15.a4 f6
16.Bc5 Rf7 17.Bd4 Nd5 18.Bxd5 fxe5 19.Bxe6 dxe6  1/2-1/2

[Event "CRO-chT (Women)"]
[Site "Pula"]
[Date "1999.09.17"]
[Round "8"]
[White "Raguz, Ivanka"]
[Black "Cosma, Elena Luminita"]
[Result "0-1"]
[WhiteElo "2090"]
[BlackElo "2388"]

1.e4 c5 2.Nf3 Nc6 3.d4 cxd4 4.Nxd4 Qc7 5.Nc3 e6 6.Be3 a6 7.Qd2 Nf6 8.O-O-O b5
9.Nxc6 Qxc6 10.Bd3 Bb7 11.e5 b4 12.Ne4 Nd5 13.Bg5 h6 14.Bh4 Rc8 15.f4 Bc5
16.Nd6+ Bxd6 17.exd6 Qa4 18.Qf2 b3 19.c4 bxa2 20.Kd2 Qb4+ 21.Kc2 Qxd6 22.Rhf1 a1=Q
23.Rxa1 Nb4+ 24.Kc3 Qxd3+ 25.Kxb4 Rxc4+ 26.Ka5 Qd5+ 27.Kb6 Qc6+ 28.Ka7 O-O
29.Qb6 Ra8+  0-1

[Event "CRO-chT"]
[Site "Pula"]
[Date "1999.09.18"]
[Round "9"]
[White "Dabo Peranic, Robert"]
[Black "Zivkovic, Vesna"]
[Result "0-1"]
[WhiteElo "2282"]
[BlackElo "2174"]

1.e4 c5 2.Nf3 Nc6 3.d4 cxd4 4.Nxd4 Qc7 5.Nxc6 bxc6 6.Bd3 g6 7.O-O Bg7 8.f4 Bxb2
9.Bxb2 Qb6+ 10.Kh1 Qxb2 11.Nd2 Nf6 12.Qf3 d5 13.e5 Nd7 14.Nb3 O-O 15.Rae1 e6
16.Qh3 c5 17.c4 dxc4 18.Bxc4 Nb6 19.Be2 c4 20.Nc1 Bb7 21.Qh6 Rfd8 22.h4 Qc3
23.Kh2 Qa3 24.h5 Qf8 25.Qg5 Qg7 26.Bf3 Rd7 27.Ne2 Bxf3 28.Rxf3 Rd3 29.Nc3 gxh5
30.Qxh5 Qg6 31.Qh3 Kh8 32.Ree3 Rxe3 33.Rxe3 Rg8 34.Qf3 Qc2 35.Kg1 Qc1+ 36.Kf2 Qd2+
37.Re2 Qd4+ 38.Kf1 Qd3 39.Kf2 Qxf3+ 40.Kxf3 Rd8 41.Ne4 Rd3+ 42.Kg4 c3 43.f5 Nd5
44.fxe6 fxe6 45.Kg5 Kg7 46.a3 h6+ 47.Kh4 Rd4 48.g4 c2 49.Rxc2 Rxe4 50.Rc6 Rxe5
51.Ra6 Nf6 52.Rxa7+ Kg6 53.Ra4 Re4 54.Ra6 Rxg4+ 55.Kh3 Kf5 56.a4 Nd5 57.a5 Nf4+
58.Kh2 Rg2+ 59.Kh1 Ra2 60.Ra8 Ke4 61.a6 h5 62.a7 h4 63.Kg1 h3 64.Kh1 Nh5
65.Rg8 Rxa7 66.Rg4+ Nf4 67.Kh2 Ra2+ 68.Kh1 Kf3 69.Rg8 e5 70.Rg7 e4 71.Rg8 e3
72.Rg7 Rd2 73.Rg8 e2 74.Re8 Rd3 75.Kh2 Re3 76.Rf8 Re4  0-1

[Event "Alushta2"]
[Site "Alushta"]
[Date "1999.09.24"]
[Round "7"]
[White "Sharapov, Eugeny"]
[Black "Belikov, Vladimir"]
[Result "1/2-1/2"]
[WhiteElo "2385"]
[BlackElo "2485"]

1.e4 c5 2.Nf3 Nc6 3.d4 cxd4 4.Nxd4 Qc7 5.Nb5 Qb8 6.c4 Nf6 7.N5c3 e6 8.f4 e5
9.f5 h6 10.a3 b6 11.Bd3 Bc5 12.Nd5 Nxd5 13.cxd5 Nd4 14.b4 Be7 15.Be3 Bh4+
16.g3 Bg5 17.Bf2 a5 18.b5 Qc7 19.O-O d6 20.h4 Bf6 21.Nd2 Bd7 22.Rc1 Qd8 23.a4 O-O
24.Nf3 Rc8 25.Rxc8 Qxc8 26.Nxd4 exd4 27.Qd2 Qc5 28.Rc1 Qa3 29.Rc7 Rd8 30.Qc2 Kh7
31.Kg2 Rc8 32.Rxc8 Bxc8 33.Qc4  1/2-1/2

[Event "Paks 09 IM"]
[Site "Paks"]
[Date "1999.09.29"]
[Round "9"]
[White "Farkas, Tibor"]
[Black "Toth, Andras"]
[Result "0-1"]
[WhiteElo "2288"]
[BlackElo "2297"]

1.e4 c5 2.Nf3 Nc6 3.d4 cxd4 4.Nxd4 Qb6 5.Nb3 Nf6 6.Nc3 e6 7.Bd3 Qc7 8.O-O a6
9.a4 b6 10.f4 d6 11.Kh1 Be7 12.Qe2 O-O 13.Bd2 Re8 14.Rae1 Nb4 15.e5 Nxd3
16.cxd3 Nd7 17.d4 Bb7 18.f5 dxe5 19.fxe6 fxe6 20.dxe5 Bh4 21.Rd1 Nf8 22.Rf4 Ng6
23.Rc4 Qe7 24.Kg1 Rf8 25.Ne4 a5 26.Qh5 Qf7 27.h3 Bd5  0-1

[Event "Budapest FS10 GM"]
[Site "Budapest"]
[Date "1999.10.02"]
[Round "1"]
[White "Senff, Martin"]
[Black "Fogarasi, Tibor"]
[Result "1/2-1/2"]
[WhiteElo "2346"]
[BlackElo "2420"]

1.e4 c5 2.Nf3 Nc6 3.d4 cxd4 4.Nxd4 Qc7 5.Nc3 e6 6.g3 a6 7.Bg2 Nf6 8.O-O Bc5
9.Nce2 O-O 10.c4 Be7 11.b3 d6 12.Bb2 Bd7 13.Rc1 Rad8 14.Qc2 Qb8 15.Nxc6 Bxc6
16.Nd4 Bd7 17.Qe2 Rfe8 18.f4 e5 19.Nf5 Bxf5 20.exf5 exf4 21.Qf3 fxg3 22.hxg3 b5
23.Qb7 bxc4 24.Qxb8 Rxb8 25.Rxc4 a5 26.Ra4 Bd8 27.Bxf6 gxf6 28.Rg4+ Kf8 29.Rh4 Bb6+
30.Kh1 Kg7 31.Rg4+ Kf8 32.Rh4 Kg7 33.Rg4+ Kf8  1/2-1/2

[Event "World Cities-ch 2nd"]
[Site "Shenyang"]
[Date "1999.10.05"]
[Round "2"]
[White "Ganguly, Surya Shekhar"]
[Black "Wu Wenjin"]
[Result "1-0"]
[WhiteElo "2340"]
[BlackElo "2435"]

1.e4 c5 2.Nf3 Nc6 3.d4 cxd4 4.Nxd4 Qb6 5.Nb3 Nf6 6.Nc3 e6 7.Bd3 a6 8.O-O h5
9.h3 Qc7 10.Be3 b5 11.f4 Bb4 12.Qe1 Bb7 13.a3 Bxc3 14.Qxc3 d6 15.Rae1 Rc8
16.Qd2 Nb8 17.Bd4 e5 18.fxe5 dxe5 19.Bc5 Nbd7 20.Bb4 Rh6 21.Na5 Ba8 22.c4 Nc5
23.Bxc5 Qxc5+ 24.Kh1 Rd8 25.Qe2 b4 26.Nb3 Qd6 27.Rd1 bxa3 28.Bc2 Qc7 29.Rxd8+ Qxd8
30.bxa3 Nd7 31.c5 Qc7 32.Qc4 Re6 33.Bd3 Nf6 34.Qb4 Qb7 35.Re1 Kf8 36.Na5 Qc7
37.Nc4 Kg8 38.Nd6 a5 39.Qc4 Nd7 40.Rf1 Nf6 41.Rc1 Bc6 42.Qb3 Re7 43.a4 g6
44.Rf1 Kg7 45.Qb2 Ne8 46.Qf2 Kf8 47.Bc4 Kg7 48.Bxf7 Kh7 49.Bxe8 Bxe8 50.Qf8 Qd7
51.Rf6 h4 52.Nf5 Rg7  1-0

[Event "Budapest FS10 GM"]
[Site "Budapest"]
[Date "1999.10.11"]
[Round "10"]
[White "Czebe, Attila"]
[Black "Soffer, Ram"]
[Result "1/2-1/2"]
[WhiteElo "2414"]
[BlackElo "2508"]

1.e4 c5 2.Nf3 Nc6 3.d4 cxd4 4.Nxd4 Qc7 5.Nb5 Qb8 6.c4 Nf6 7.Bd3 e6 8.f4 d6
9.O-O a6 10.N5c3 Be7 11.Nd2 O-O 12.Nf3 b5 13.b3 bxc4 14.bxc4 Nd7 15.Be3 Qc7
16.Rb1 Na5 17.Qe2 Nc5 18.Bc2 Nd7 19.Bd4 Nc6 20.Bf2 Na5 21.Bd4 Nc6 22.Bf2 Na5
23.Nd2 Rb8 24.Rxb8 Qxb8 25.Nb3 Qc7 26.Bd3 Bb7 27.Rc1 Rc8 28.Qe1 Nxb3 29.axb3 Nc5
30.Bc2 Bf6 31.Na2 a5 32.Rd1 Qc6 33.Bxc5  1/2-1/2

[Event "GRE-GER m"]
[Site "Corfu"]
[Date "1999.10.12"]
[Round "1"]
[White "Lutz, Christopher"]
[Black "Miladinovic, Igor"]
[Result "1/2-1/2"]
[WhiteElo "2591"]
[BlackElo "2526"]

1.e4 c5 2.Nf3 Nc6 3.d4 cxd4 4.Nxd4 Qc7 5.Nc3 e6 6.Be2 a6 7.O-O Nf6 8.Be3 Bb4
9.Na4 Be7 10.Nxc6 bxc6 11.Nb6 Rb8 12.Nxc8 Qxc8 13.Bd4 c5 14.Be5 Rb6 15.b3 Nxe4
16.Bxg7 Rg8 17.Bb2 Rd6 18.Bd3 c4 19.bxc4 Qc6 20.Qf3 Nd2 21.Qxc6 Rxc6 22.Rfd1 Nxc4
23.Bd4 Na3 24.Bb2 f5 25.h3 Kf7 26.Bxa3 Bxa3 27.Rab1 Rgc8 28.Rb7 Rd6 29.g4 Rc5
30.Rb3 Ra5 31.gxf5 exf5  1/2-1/2

[Event "BUL-GRE (Women)"]
[Site "Corfu"]
[Date "1999.10.12"]
[Round "1"]
[White "Velcheva, Maria"]
[Black "Botsari Miladinovic, Anna Maria"]
[Result "1/2-1/2"]
[WhiteElo "2305"]
[BlackElo "2309"]

1.e4 c5 2.Nf3 Nc6 3.d4 cxd4 4.Nxd4 Qc7 5.Nc3 e6 6.Be2 a6 7.O-O Nf6 8.Be3 Bb4
9.Nxc6 bxc6 10.Na4 Be7 11.Bd3 c5 12.c4 Bb7 13.Nc3 h5 14.h3 h4 15.f4 Nh5 16.Qg4 g6
17.Rf2 O-O-O 18.a3 f5 19.Qd1 Ng3 20.e5 d6 21.exd6 Qxd6 22.Rd2 Qc6 23.Qa4 Rd7
24.Rad1 Rhd8 25.b4 cxb4 26.axb4 Bxb4 27.Qxb4 Rxd3 28.Nd5 exd5 29.Rxd3 Ne2+
30.Kf2 d4 31.Kxe2 Qxg2+ 32.Ke1 Qh1+ 33.Kd2 dxe3+ 34.Kc1 Rxd3 35.Qf8+ Kd7
36.Qf7+ Kd8 37.Qf8+ Kd7 38.Qf7+ Kd8  1/2-1/2

[Event "BUL-GRE (Women)"]
[Site "Corfu"]
[Date "1999.10.14"]
[Round "3"]
[White "Velcheva, Maria"]
[Black "Fakhiridou, Ekaterini"]
[Result "1-0"]
[WhiteElo "2305"]
[BlackElo "2262"]

1.e4 c5 2.Nf3 Nc6 3.d4 cxd4 4.Nxd4 Qc7 5.Nb5 Qb8 6.c4 a6 7.N5c3 e6 8.Be3 Nf6
9.f4 b5 10.Nd2 b4 11.Na4 e5 12.f5 Qb7 13.Bd3 Be7 14.O-O Rb8 15.Nb6 Qa7 16.c5 h5
17.h3 a5 18.Rc1 Ba6 19.Qe2 Bxd3 20.Qxd3 Kf8 21.Nd5 Nxd5 22.exd5 Nd4 23.Ne4 Qb7
24.c6 dxc6 25.dxc6 Nxc6 26.f6 gxf6 27.Nxf6 Nd4 28.Bxd4 exd4 29.Qxd4 Bxf6
30.Rxf6 Rh7 31.Qd6+ Kg8 32.Rc7 Qe4 33.Re7 Qa8 34.Rfxf7 Rxf7 35.Qg6+ Kh8 36.Qxh5+  1-0

[Event "Wichern op 5th"]
[Site "Hamburg"]
[Date "1999.10.15"]
[Round "1"]
[White "Lindschau, Eggert"]
[Black "Jakobsen, Ole"]
[Result "0-1"]
[WhiteElo "1969"]
[BlackElo "2398"]

1.e4 c5 2.Nf3 Nc6 3.d4 cxd4 4.Nxd4 Qc7 5.Nc3 e6 6.Be2 a6 7.a4 Nf6 8.O-O Bb4
9.Qd3 O-O 10.f4 Nxd4  0-1

[Event "Asia-chT"]
[Site "Shenyang"]
[Date "1999.10.16"]
[Round "8"]
[White "Peng Xiaomin"]
[Black "Juswanto, Denny"]
[Result "0-1"]
[WhiteElo "2574"]
[BlackElo "2465"]

1.e4 c5 2.Nf3 Nc6 3.d4 cxd4 4.Nxd4 Qb6 5.Nb3 Nf6 6.Nc3 e6 7.Bd3 Be7 8.O-O O-O
9.Kh1 a6 10.f4 d6 11.a4 Qc7 12.Be3 b6 13.Qf3 Bb7 14.Rae1 Rfe8 15.Qg3 Rac8
16.Bg1 Nb4 17.Bd4 Nxd3 18.cxd3 Bd8 19.e5 dxe5 20.fxe5 Nh5 21.Qf2 f5 22.exf6 Nxf6
23.Qe2 Qd7 24.Be5 b5 25.axb5 axb5 26.Ne4 Bxe4 27.dxe4 Rc4 28.Nd2 Rc5 29.Bc3 e5
30.Nf3 Bc7 31.Qf2 Rc4 32.Nd2 Ra4 33.b3 Ra2 34.Qe3 Rd8 35.Rc1 Qe6 36.Qf3 Bb6
37.Nb1 h6 38.h3 Bd4 39.Rcd1 Qxb3 40.Bxd4 Qxf3 41.gxf3 Rxd4 42.Nc3 Rb2 43.Rb1 Rxb1
44.Rxb1 Rd3 45.Nxb5 Rxf3 46.Kg2 Rd3 47.Nc7 Nxe4 48.Rb5 Rd2+ 49.Kf3 Ng5+ 50.Kg4 Kf7
51.h4 Rd4+ 52.Kg3 Rd3+ 53.Kg4 Ne6 54.Nxe6 Kxe6 55.Kh5 e4 56.Kg4 Rf3 57.Rb6+ Kd5
58.Rb5+ Kc4 59.Ra5 Rf2 60.Ra4+ Kd3 61.Ra3+ Ke2 62.Ra2+ Kf1 63.Kg3 Rf3+ 64.Kg4 Rf2
65.Ra1+ Kg2 66.Re1 h5+ 67.Kxh5 Kf3 68.Rg1 Rg2 69.Rf1+ Kg3  0-1

[Event "Wichern op 5th"]
[Site "Hamburg"]
[Date "1999.10.20"]
[Round "7"]
[White "Aagaard, Jacob"]
[Black "Oral, Tomas"]
[Result "0-1"]
[WhiteElo "2403"]
[BlackElo "2541"]

1.e4 c5 2.Nf3 Nc6 3.d4 cxd4 4.Nxd4 Qc7 5.Nc3 e6 6.Be2 a6 7.f4 Nxd4 8.Qxd4 b5
9.Be3 Bb7 10.O-O-O Rc8 11.Rd2 Nf6 12.Bf3 Be7 13.Rhd1 O-O 14.e5 b4 15.Na4 Bxf3
16.gxf3 Nd5 17.Nb6 Nxb6 18.Qxb6 Qc4 19.b3 Qc3 20.Qd4 h5 21.Qxc3 Rxc3 22.Rd3 Rfc8
23.R1d2 Kf8 24.Bd4 Rxd3 25.Rxd3 Rc6 26.Kd2 d5 27.c3 a5 28.Ke2 Kg8 29.Rd2 Bc5
30.Bxc5 Rxc5 31.cxb4 axb4 32.h4 Kh7 33.Kd1 Rc7 34.Rd4 Ra7 35.Ke2 Rxa2+ 36.Ke3 Kg6
37.Rxb4 Rh2 38.Rd4 Rb2 39.Rb4 Rh2 40.Rd4 Kf5 41.b4 Rb2 42.Kd3 Rb3+ 43.Ke2 g6
44.Kf2 f6 45.exf6 Kxf6 46.Ke2 Kf7 47.Kf2 Ke7 48.Ke2 Kd6 49.Kf2 Rb1 50.Ke3 Rb2
51.Rd3 Rxb4 52.Ra3 Ke7 53.Ra2 Kf6 54.Re2 Kf5 55.Rg2 Rb3+ 56.Kd4 Rxf3  0-1